000 00537 a2200181 4500
003 OSt
005 20240206131717.0
008 240206b |||||||| |||| 00| 0 eng d
020 _a9788196448806
040 _cOCLC
082 _a894.812301
_bCHE/C
100 _aChengott, Surendran
_910396
245 _aChikkuvum Kuttanum Pinne Amminiyum /
_cSurendran Chengott
250 _a1st ed.
260 _aKOZHIKODE:
_bTWINKLE BOOK,
_c2022.
300 _a64P.
942 _2ddc
_cBK
_h894.812301
_iCHE/C
_k894.812301
_mCHE/C
999 _c44322
_d44322